| 000 | 01541nam2a2200265 4500 | ||
|---|---|---|---|
| 001 | rc\2940906 | ||
| 005 | 20260315055747.0 | ||
| 035 | _a(NLR Aleph) 007089720 | ||
| 090 |
_a13599706 _c13599706 |
||
| 100 | _a20110824d1938 u y0rusy50 ca | ||
| 101 | 0 | _arus | |
| 102 | _aRU | ||
| 105 | _aa z ||||| | ||
| 200 | 1 | _aМатематика | |
| 210 | _d1938 | ||
| 215 |
_a126, [2] с. _cил., черт., табл. |
||
| 300 | _aНа обороте тит. л.: Сборник составлен при участии преподавателей математики автозавода им. Сталина, Харьковского тракторного, Электрокомбината им. Куйбышева, руководителя секции математики Московского института техучебы П.Я. Дорф и методиста Ф.Л. Блинчевского | ||
| 461 | 0 |
_1001rc\2940900 _12001#$aМетодика технического обучения на курсах мастеров социалистического труда$eСборник 1-$vСб. 6 _96561401 _cМосква _d1937-1939 _nГУУЗ НКТП _oСборник 1- _tМетодика технического обучения на курсах мастеров социалистического труда _vСб. 6 |
|
| 702 | 1 |
_aДорф _bП.Я. _4220 |
|
| 702 | 1 |
_aБлинчевский _bФ.Л. _4220 |
|
| 801 | 0 |
_aRU _bNLR _gpsbo |
|
| 801 | 1 |
_aRU _bELAR _2rusmarc |
|
| 852 |
_aNLR _j37-19/189 |
||
| 942 | _cUNSPEC | ||
| 980 | _aNB | ||